The larger aspects of socialism /

Bibliographic Details
Main Author: Walling, William English, 1877-1936
Format: Book
Language:English
Published: New York : The Macmillan comapny, 1913.
Subjects:

MARC

Tag First Indicator Second Indicator Subfields
LEADER 00000cam a2200000 4500
001 in00000062350
005 20151008051715.0
008 740918s1913 nyu 00010 eng u
010 |a  13008293  
035 |a (OCoLC)01013713 
035 |9 AAG9519AM 
037 |c $1.50 
040 |c OUN  |d TXA  |d UtOrBLW 
049 |a TXAM  |c 2 [55681] 
050 0 0 |a HX86  |b .W16 
092 |a 335  |b W211 
100 1 |a Walling, William English,  |d 1877-1936. 
245 1 4 |a The larger aspects of socialism /  |c by William English Walling. 
264 1 |a New York :  |b The Macmillan comapny,  |c 1913. 
300 |a xxi, 406 pages ;  |c 20 cm. 
336 |a text  |b txt  |2 rdacontent 
337 |a unmediated  |b n  |2 rdamedia 
338 |a volume  |b nc  |2 rdacarrier 
650 0 |a Socialism. 
999 |a MARS 
999 f f |s bc44ffc6-077f-304d-b49a-56f9d4a55c8e  |i e2964776-9bfb-33c3-b403-e5104d9368e7  |t 0 
952 f f |p ric  |a Texas A&M University  |b Rellis Campus  |c Joint Library Facility  |d Remote Storage  |t 0  |e HX86 .W16  |h Library of Congress classification  |i unmediated -- volume  |m A14800744326 
998 f f |a HX86 .W16  |t 0  |l Remote Storage